000 00923nam a2200253Ia 4500
003 OSt
005 20220923211025.0
006 a|||||r|||| 00| 0
007 ta
008 220922b |||||||| |||| 00| 0 hin d
020 _a8170557674 (hbk)
_c300
024 _a245,569
037 _b374, 17/02/2011, Vani Prakashan
_cTextual
040 _aARTS
_cARTS
_bhin
041 _2hin
_ahin
082 _aO111,3N47,SH, 152P6
100 _aरूश्दी, सलमान; कार्तिकेय, ललित, अनु.
_9157268
245 0 _aशरम
246 _aSharama
260 _aनयी दिल्ली
_b वाणी प्रकाशन
_c2006
300 _a287पृ.
_ccm.
942 _hO111,3N47,SH, 152P6
_cTEXL
_2CC
999 _c294085
_d294085